|
|
|
|
| LEADER |
00000nam0a2200000 4500 |
| 001 |
188834 |
| 005 |
20231101224149.0 |
| 010 |
|
|
|a 9785940521754
|
| 035 |
|
|
|a (RuTPU)RU\TPU\book\205119
|
| 090 |
|
|
|a 188834
|
| 100 |
|
|
|a 20101215d2009 k y0rusy50 ca
|
| 101 |
0 |
|
|a rus
|
| 102 |
|
|
|a RU
|
| 105 |
|
|
|a a z 001zy
|
| 200 |
1 |
|
|a Оптимизация целевых функций. Аналитика. Численные методы. Планирование эксперимента
|f А. С. Нинул
|
| 210 |
|
|
|a Москва
|c Физматлит
|d 2009
|
| 215 |
|
|
|a 336 с.
|c ил.
|
| 320 |
|
|
|a Библиогр.: с. 322-325.
|
| 320 |
|
|
|a Именной и предметный указатель: с. 326-332.
|
| 330 |
|
|
|a В монографии рассмотрены основные аналитические, численные, планово-вычислительные и планово-экспериментальные методы для поиска и идентификации экстремумов целевых функций от одной или от нескольких скалярных переменных. Столь обширный охват методов оптимизации обусловлен стремлением автора отобразить в одной книге проблему в целом. Даны характерные примеры, в том числе из общей и линейной алгебры, аппромаксимационного и регрессионного анализа. Для специалистов в области анализа и решений экстремальных задач, а также научных работников, преподавателей, аспирантов и студентов физико-математических и технических специальностей.
|
| 606 |
1 |
|
|a Целевые функции
|x Оптимизация
|2 stltpush
|3 (RuTPU)RU\TPU\subj\70412
|9 84679
|
| 610 |
1 |
|
|a аналитическая безусловная оптимизация
|
| 610 |
1 |
|
|a аналитическая условная оптимизация
|
| 610 |
1 |
|
|a общая алгебра
|
| 610 |
1 |
|
|a линейная алгебра
|
| 610 |
1 |
|
|a численные методы
|
| 610 |
1 |
|
|a планово-вычислительная n-мерная оптимизация
|
| 675 |
|
|
|a 519.85
|v 3
|
| 700 |
|
1 |
|a Нинул
|b А. С.
|g Анатолий Сергеевич
|
| 801 |
|
1 |
|a RU
|b 63413507
|c 20101215
|
| 801 |
|
2 |
|a RU
|b 63413507
|c 20120605
|g RCR
|
| 942 |
|
|
|c BK
|
| 959 |
|
|
|a 90/20101213
|d 1
|e 314,60
|f ЧЗТЛ:1
|